Sports Quiz

Random Sports or NBA Quiz
Score 0/108 Timer 15:00
0 Plays Today
Team Player % Correct
OKC (2015-16)Russell Westbrook
94.6%
NOP (2018-19)*Anthony Davis
93.9%
OKC (2015-16)Kevin Durant
92.5%
DAL (2000-01)Dirk Nowitzki
90.5%
NOP (2018-19)*Jrue Holiday
86.4%
BOS (1987-88)Larry Bird
85.7%
SAS (1985-86)*Steve Johnson
84.4%
BOS (1987-88)Dennis Johnson
84.4%
PHO (1987-88)Kevin Johnson
84.4%
PHO (1988-89)Kevin Johnson
84.4%
PHO (1996-97)Kevin Johnson
84.4%
OKC (2015-16)Steven Adams
84.4%
DAL (2000-01)Steve Nash
83%
POR (1984-85)Clyde Drexler
82.3%
POR (1990-91)Clyde Drexler
82.3%
BOS (1987-88)Robert Parish
81%
BOS (1987-88)Kevin McHale
81%
OKC (2015-16)Serge Ibaka
81%
WSB (1984-85)Cliff Robinson
78.2%
PHO (1996-97)Jason Kidd
77.6%
NOP (2018-19)*Julius Randle
74.1%
WSB (1984-85)Gus Williams
72.8%
NJN (1987-88)Buck Williams
72.8%
IND (1988-89)Herb Williams
72.8%
POR (1990-91)Buck Williams
72.8%
PHI (1994-95)Scott Williams
72.8%
NJN (1995-96)Jayson Williams
72.8%
PHO (1996-97)Hot Rod Williams
72.8%
DAL (2000-01)Michael Finley
68.7%
DAL (1987-88)Mark Aguirre
66.7%
SAC (1987-88)*Kenny Smith
66.7%
LAC (1990-91)Charles Smith
66.7%
POR (1990-91)Terry Porter
65.3%
BOS (1987-88)Danny Ainge
62.6%
PHO (1988-89)Tom Chambers
60.5%
IND (1988-89)Rik Smits
59.2%
Team Player % Correct
DAL (1987-88)Derek Harper
55.8%
LAC (1991-92)Ron Harper
55.8%
SAS (1983-94)Johnny Moore
53.7%
SAS (1985-86)*Johnny Moore
53.7%
LAC (1991-92)Danny Manning
53.7%
PHO (1996-97)Danny Manning
53.7%
PHI (1994-95)Shawn Bradley
51.7%
NJN (1995-96)Shawn Bradley
51.7%
DAL (2000-01)Shawn Bradley
51.7%
POR (1990-91)Jerome Kersey
51%
NOP (2018-19)*Elfrid Payton
50.3%
DAL (1987-88)Sam Perkins
49.7%
POR (1990-91)Kevin Duckworth
49%
LAC (1990-91)Gary Grant
45.6%
SAS (1985-86)*Alvin Robertson
44.9%
SAS (1983-94)Artis Gilmore
42.9%
SAS (1985-86)*Artis Gilmore
42.9%
SAC (1991-92)Spud Webb
42.9%
PHO (1987-88)Jeff Hornacek
41.5%
PHO (1988-89)Jeff Hornacek
41.5%
NJN (1995-96)P.J. Brown
41.5%
DAL (2000-01)Juwan Howard
41.5%
OKC (2015-16)Enes Kanter
41.5%
IND (1988-89)Chuck Person
39.5%
POR (1984-85)Mychal Thompson
38.8%
SAC (1987-88)*Reggie Theus
38.8%
SAC (1987-88)*LaSalle Thompson
38.8%
IND (1988-89)LaSalle Thompson
38.8%
NOP (2018-19)*Nikola Mirotic
37.4%
SAS (1983-94)Mike Mitchell
35.4%
DAL (1987-88)Roy Tarpley
33.3%
PHO (1987-88)Larry Nance
31.3%
PHI (1994-95)Dana Barros
29.9%
PHI (1994-95)Clarence Weatherspoon
29.9%
SAC (1991-92)Wayman Tisdale
29.3%
DAL (1987-88)James Donaldson
26.5%
Team Player % Correct
SAS (1983-94)John Lucas
25.9%
LAC (1991-92)Loy Vaught
25.9%
SAC (1991-92)Lionel Simmons
25.9%
SAC (1987-88)*Otis Thorpe
23.8%
LAC (1990-91)Benoit Benjamin
23.1%
PHO (1987-88)Armen Gilliam
22.4%
PHO (1988-89)Armen Gilliam
22.4%
NJN (1995-96)Armen Gilliam
22.4%
POR (1984-85)Sam Bowie
21.8%
IND (1988-89)Vern Fleming
21.8%
POR (1984-85)Kenny Carr
21.1%
WSB (1984-85)Jeff Ruland
19.7%
PHO (1996-97)Cedric Ceballos
17.7%
PHO (1987-88)James Edwards
16.3%
LAC (1990-91)Olden Polynice
15.6%
LAC (1991-92)Olden Polynice
15.6%
NJN (1987-88)Mike Gminski
15%
LAC (1990-91)Ken Norman
15%
LAC (1991-92)Ken Norman
15%
PHI (1994-95)Sharone Wright
15%
WSB (1984-85)Greg Ballard
10.9%
WSB (1984-85)Rick Mahorn
10.9%
SAC (1991-92)Duane Causwell
9.5%
NOP (2018-19)*Cheick Diallo
9.5%
NJN (1987-88)John Bagley
8.2%
SAS (1983-94)Gene Banks
7.5%
SAC (1987-88)*Joe Kleine
7.5%
NJN (1987-88)Roy Hinson
6.8%
POR (1984-85)Darnell Valentine
6.1%
SAS (1985-86)*Wes Matthews
6.1%
PHO (1988-89)Tyrone Corbin
6.1%
SAS (1985-86)*Dave Greenwood
4.8%
NJN (1987-88)Tim McCormick
3.4%
NJN (1995-96)Chris Childs
3.4%
SAC (1987-88)*Jawann Oldham
2%
SAC (1991-92)Anthony Bonner
2%
Remove Ads.
Support Sporcle.
Get the best of Sporcle when you Go Orange. This ad-free experience offers more features, more stats, and more fun while also helping to support Sporcle. Thank you for becoming a member.

You're not logged in!

Compare scores with friends on all Sporcle quizzes.
OR
Log In

Show Comments

Extras

Top Quizzes Today


Score Distribution

Your Account Isn't Verified!

In order to create a playlist on Sporcle, you need to verify the email address you used during registration. Go to your Sporcle Settings to finish the process.

Report this User

Report this user for behavior that violates our Community Guidelines.

Details: